000 00494nam a2200181Ia 4500
001 17087
005 20260306170359.0
008 260306t2009||||xx |||||||||||||| ||und||
041 _aESP
082 _a657.45
_bS24
100 _aSánchez Sánchez, Rohel
_eAUT
245 0 _aLas sociedades de auditoría ante el riesgo de fraude en los estados financieros y el nuevo contexto económico
260 _c2009
300 _a
_c
650 _aGEN
654 _aCCO
942 _cLIB
_dJUS
_fJUS
_2ddc
_n
999 _c17087
_d17087